[Event "Paphos op 1st"]
[Site "Paphos"]
[Date "2023.04.07"]
[Round "1"]
[White "Pezelj, Novak"]
[Black "Hadjinicolaou, Andreas"]
[Result "1-0"]
[WhiteElo "2489"]
[BlackElo "1748"]
[PlyCount "127"]
[EventDate "2023.04.07"]
[EventType "swiss"]
[EventRounds "9"]
[EventCountry "CYP"]
[SourceTitle "CBM 213 Extra"]
[Source "ChessBase"]
[SourceDate "2023.05.31"]
[SourceVersion "1"]
[SourceVersionDate "2023.05.31"]
[SourceQuality "1"]

1. Nf3 Nf6 2. c4 b6 3. g3 c5 4. Bg2 Bb7 5. 0-0 g6 6. Nc3 Bg7 7. Rb1 0-0 8. d3 d5 9. Ne5 Nbd7 10. Bf4 e6 11. Qa4 Nxe5 12. Bxe5 Nh5 13. Bxg7 Kxg7 14. b4 cxb4 15. Rxb4 Nf6 16. Rfb1 Qe7 17. cxd5 Nxd5 18. Nxd5 Bxd5 19. Bxd5 exd5 20. e3 Rac8 21. h4 Rc3 22. h5 Rfc8 23. R4b3 Rc1+ 24. Kg2 Qf6 25. Rxc1 Rxc1 26. Rb5 Qa1 27. Rxd5 Rg1+ 28. Kf3 Qf6+ 29. Qf4 Qxf4+ 30. gxf4 Ra1 31. hxg6 hxg6 32. e4 Rxa2 33. e5 Kf8 34. Rd7 a5 35. d4 a4 36. d5 Ke8 37. Rb7 Rb2 38. d6 a3 39. Re7+ Kf8 40. Ra7 Rb3+ 41. Ke4 Ke8 42. Kd5 Rc3 43. Kd4 Rf3 44. Re7+ Kf8 45. Ke4 Rxf2 46. Ra7 a2 47. Ra8+ Kg7 48. Ke3 Rh2 49. Kd4 Rc2 50. Kd3 Rh2 51. Kc4 Rb2 52. Kc3 Rh2 53. Kb3 Rd2 54. Kc4 Rb2 55. Kd3 Rh2 56. Kc3 g5 57. f5 g4 58. e6 fxe6 59. fxe6 Kf6 60. e7 a1Q+ 61. Rxa1 Rh8 62. Rf1+ Ke5 63. d7 Rh3+ 64. Kb4 1-0

[Event "CYP-ch"]
[Site "Larnaca"]
[Date "2022.03.19"]
[Round "3"]
[White "Theocharous, Vassilis"]
[Black "Hadjinicolaou, Andreas"]
[Result "1/2-1/2"]
[WhiteElo "1345"]
[BlackElo "1779"]
[PlyCount "78"]
[EventDate "2022.03.12"]
[EventType "tourn"]
[EventRounds "11"]
[EventCountry "CYP"]
[SourceTitle "EXT 2023"]
[Source "ChessBase"]
[SourceDate "2022.10.05"]
[SourceVersion "1"]
[SourceVersionDate "2022.10.05"]
[SourceQuality "1"]

1. e4 c5 2. Nf3 d6 3. d4 cxd4 4. Nxd4 Nf6 5. f3 Nc6 6. c4 Qb6 7. Nxc6 bxc6 8. Qb3 Qc7 9. Be3 Rb8 10. Qc2 g6 11. Nc3 Bg7 12. Be2 0-0 13. 0-0 Rd8 14. Rac1 Qb7 15. b3 Be6 16. Na4 Nd7 17. Rfd1 Nb6 18. Nc3 d5 19. Qd2 Rd7 20. cxd5 cxd5 21. exd5 Rbd8 22. Qe1 Bxc3 23. Qxc3 Nxd5 24. Qe5 Nf6 25. Rxd7 Rxd7 26. Qb5 Qd5 27. Qxd5 Nxd5 28. Bd4 f6 29. Bc4 Kf7 30. Kf2 Nb4 31. Bxe6+ Kxe6 32. Rc4 Nxa2 33. Ra4 Nc1 34. Bxa7 Nxb3 35. Re4+ Kf7 36. Be3 Nd2 37. Rd4 Rxd4 38. Bxd4 Nc4 39. Ke2 Ke6 1/2-1/2

[Event "CYP-ch op"]
[Site "Nicosia"]
[Date "2022.02.13"]
[Round "5"]
[White "Hadjinicolaou, Andreas"]
[Black "Tozaki, Halil"]
[Result "1/2-1/2"]
[WhiteElo "1779"]
[BlackElo "1876"]
[PlyCount "79"]
[EventDate "2022.02.04"]
[EventType "swiss"]
[EventRounds "9"]
[EventCountry "CYP"]
[SourceTitle "CBM 207 Extra"]
[Source "ChessBase"]
[SourceDate "2022.05.31"]
[SourceVersion "1"]
[SourceVersionDate "2022.05.31"]
[SourceQuality "1"]

1. d4 Nf6 2. c4 e6 3. g3 Bb4+ 4. Bd2 Bxd2+ 5. Qxd2 d5 6. Bg2 0-0 7. cxd5 exd5 8. Nc3 Re8 9. e3 Bf5 10. Nge2 c6 11. 0-0 Nbd7 12. Nf4 h6 13. Nd3 Qe7 14. Rfe1 Ne4 15. Nxe4 Bxe4 16. f3 Bxd3 17. Qxd3 Nf6 18. e4 dxe4 19. fxe4 Rad8 20. e5 Nd5 21. Bh3 Qg5 22. e6 fxe6 23. Bxe6+ Rxe6 24. Rxe6 Nf4 25. Qb3 Nxe6 26. Qxe6+ Kh7 27. Qe4+ Qg6 28. Re1 Qxe4 29. Rxe4 Rd7 30. Kf2 Kg6 31. h3 Kf6 32. Ke3 g5 33. g4 Rd6 34. Re8 Re6+ 35. Rxe6+ Kxe6 36. Ke4 a5 37. b3 b6 38. a3 b5 39. b4 a4 40. Ke3 1/2-1/2

[Event "CYP-ch op"]
[Site "Nicosia"]
[Date "2022.02.04"]
[Round "1"]
[White "Hadjinicolaou, Andreas"]
[Black "Karaolis, Andreas"]
[Result "1-0"]
[WhiteElo "1779"]
[BlackElo "1165"]
[PlyCount "31"]
[EventDate "2022.02.04"]
[EventType "swiss"]
[EventRounds "9"]
[EventCountry "CYP"]
[SourceTitle "CBM 207 Extra"]
[Source "ChessBase"]
[SourceDate "2022.05.31"]
[SourceVersion "1"]
[SourceVersionDate "2022.05.31"]
[SourceQuality "1"]

1. d4 d5 2. c4 c6 3. Nf3 Nf6 4. g3 dxc4 5. Bg2 Bf5 6. 0-0 e6 7. Nc3 h6 8. Ne5 Bd6 9. Nxc4 Bb4 10. Qb3 Bxc3 11. Qxb7 Nbd7 12. Nd6+ Kf8 13. bxc3 Qe7 14. Qxa8+ Ne8 15. Nxe8 Qxe8 16. Ba3+ 1-0

[Event "Online Olym Div4 C"]
[Site "Chess.com INT"]
[Date "2021.08.22"]
[Round "10.2"]
[White "Hadjinicolaou, Andreas"]
[Black "Clark, Gary M"]
[Result "1-0"]
[WhiteElo "1713"]
[BlackElo "2278"]
[PlyCount "57"]
[EventDate "2021.08.20"]
[EventType "team (rapid)"]
[EventRounds "11"]
[EventCountry "USA"]
[SourceTitle "CBM 203 Extra"]
[Source "ChessBase"]
[SourceDate "2021.09.30"]
[SourceVersion "1"]
[SourceVersionDate "2021.09.30"]
[SourceQuality "1"]
[WhiteTeam "Cyprus"]
[BlackTeam "Jersey"]
[WhiteTeamCountry "CYP"]
[BlackTeamCountry "GCI"]

1. d4 e6 2. g3 d5 3. Bg2 c5 4. Nf3 Nc6 5. c4 Nf6 6. 0-0 Qb6 7. dxc5 Bxc5 8. Nc3 a6 9. cxd5 exd5 10. Nxd5 Nxd5 11. Qxd5 Be6 12. Qg5 0-0 13. b3 f6 14. Qf4 Ne7 15. Bb2 Nf5 16. Nd2 Ne3 17. Rfc1 Nxg2 18. Kxg2 Bd5+ 19. e4 Be6 20. Nc4 Qc6 21. Na5 Qb5 22. Nxb7 Be7 23. Nd6 g5 24. Nxb5 gxf4 25. Nc7 Rac8 26. Nxe6 Rxc1 27. Rxc1 Kf7 28. Nxf8 Bxf8 29. Rc7+ 1-0

[Event "World Cup U18 Prel"]
[Site "Tornelo INT"]
[Date "2021.08.16"]
[Round "1"]
[White "Hadjinicolaou, Andreas"]
[Black "Kizilkus, Akin"]
[Result "0-1"]
[WhiteElo "1713"]
[BlackElo "2336"]
[PlyCount "134"]
[EventDate "2021.08.16"]
[EventType "swiss (rapid)"]
[EventRounds "10"]
[EventCountry "NET"]
[SourceTitle "CBM 203 Extra"]
[Source "ChessBase"]
[SourceDate "2021.09.30"]
[SourceVersion "1"]
[SourceVersionDate "2021.09.30"]
[SourceQuality "1"]

1. d4 Nf6 2. c4 g6 3. Nc3 Bg7 4. e4 d6 5. f3 0-0 6. Be3 c5 7. Nge2 Nc6 8. Qd2 Qa5 9. d5 Ne5 10. Ng3 e6 11. h4 h5 12. Be2 exd5 13. cxd5 a6 14. Kf2 b5 15. Nd1 Qc7 16. a4 Bd7 17. axb5 axb5 18. Nc3 b4 19. Rxa8 Rxa8 20. Nd1 Ra1 21. b3 Qa5 22. Nb2 Rxh1 23. Nxh1 Neg4+ 24. Kf1 Nxe3+ 25. Qxe3 Nxd5 26. exd5 Bxb2 27. Qd2 Qa1+ 28. Qd1 Qa8 29. Nf2 Qd8 30. Qd2 Bc3 31. Qf4 Be5 32. Qg5 Bf6 33. Qf4 Bf5 34. Ne4 Bxe4 35. fxe4 Bxh4 36. g3 Bg5 37. Qf3 Qf6 38. Qxf6 Bxf6 39. Kg2 Bg5 40. Kf3 Kg7 41. Bc4 Kf6 42. Kg2 Ke5 43. Kf3 Bc1 44. Bd3 f6 45. Bf1 Kd4 46. Be2 g5 47. Bb5 Kc3 48. Bc4 Bb2 49. Kg2 g4 50. Kf2 Kd4 51. Ke2 Kxe4 52. Bd3+ Kxd5 53. Bg6 Ke5 54. Bxh5 f5 55. Bf7 f4 56. Bh5 fxg3 57. Bxg4 Bc3 58. Kf3 Be1 59. Bh5 Kd4 60. Bf7 d5 61. Be8 c4 62. bxc4 dxc4 63. Bf7 b3 64. Ke2 g2 65. Kxe1 g1Q+ 66. Ke2 Qe3+ 67. Kd1 Kc3 0-1

[Event "CYP-ch op"]
[Site "Nikosia"]
[Date "2021.06.20"]
[Round "7"]
[White "Hadjinicolaou, Andreas"]
[Black "Georgantas, Antonios"]
[Result "0-1"]
[WhiteElo "1695"]
[BlackElo "1823"]
[PlyCount "76"]
[EventDate "2021.06.11"]
[EventType "swiss"]
[EventRounds "7"]
[EventCountry "CYP"]
[SourceTitle "EXT 2023"]
[Source "ChessBase"]
[SourceDate "2022.10.05"]
[SourceVersion "1"]
[SourceVersionDate "2022.10.05"]
[SourceQuality "1"]

1. d4 Nf6 2. c4 g6 3. Nc3 d5 4. Nf3 Bg7 5. Qb3 c6 6. cxd5 Nxd5 7. e4 Nxc3 8. bxc3 0-0 9. Ba3 Qc7 10. Bd3 b6 11. 0-0 c5 12. e5 Bb7 13. Ng5 e6 14. Be4 h6 15. Nxe6 fxe6 16. Qxe6+ Qf7 17. Qxf7+ Rxf7 18. Bxg6 Rf4 19. g3 Rf3 20. Bb2 Na6 21. Rfe1 cxd4 22. cxd4 Bf8 23. e6 Be7 24. Bf7+ Kf8 25. Bc1 Kg7 26. Re5 Rd8 27. Rh5 Rf6 28. Bf4 Bf3 29. Be5 Bxh5 30. Bxf6+ Bxf6 31. Bxh5 Rxd4 32. Re1 Be7 33. f4 Kf6 34. Bg4 Nc7 35. h3 Rd3 36. Kg2 Rd2+ 37. Re2 Rxe2+ 38. Bxe2 Nxe6 0-1

[Event "CYP-ch op"]
[Site "Nikosia"]
[Date "2021.06.13"]
[Round "3"]
[White "Savva, Panikos"]
[Black "Hadjinicolaou, Andreas"]
[Result "1-0"]
[WhiteElo "2028"]
[BlackElo "1695"]
[PlyCount "95"]
[EventDate "2021.06.11"]
[EventType "swiss"]
[EventRounds "7"]
[EventCountry "CYP"]
[SourceTitle "EXT 2023"]
[Source "ChessBase"]
[SourceDate "2022.10.05"]
[SourceVersion "1"]
[SourceVersionDate "2022.10.05"]
[SourceQuality "1"]

1. Nf3 Nf6 2. c4 e6 3. Nc3 b6 4. g3 Bb7 5. Bg2 Bb4 6. Qc2 0-0 7. 0-0 Bxc3 8. Qxc3 Ne4 9. Qc2 f5 10. d3 Nf6 11. b3 d6 12. d4 Nbd7 13. Bb2 Qe8 14. Rad1 Qh5 15. b4 f4 16. Rfe1 fxg3 17. hxg3 Ng4 18. d5 exd5 19. cxd5 Bxd5 20. Rxd5 Qxd5 21. Ne5 Qe6 22. Nxg4 Qxg4 23. Bd5+ Kh8 24. Bxa8 Rxa8 25. Qxc7 Qxb4 26. Bxg7+ Kg8 27. Rd1 Qb5 28. Qxd6 Kxg7 29. Qxd7+ Qxd7 30. Rxd7+ Kg6 31. e3 b5 32. Rb7 a6 33. Kg2 h5 34. f4 h4 35. gxh4 Kf5 36. Kf3 Rh8 37. e4+ Ke6 38. Rb6+ Ke7 39. Kg4 Rg8+ 40. Kf5 Rh8 41. Rxa6 Rxh4 42. Ke5 Rh2 43. Ra7+ Kd8 44. f5 Re2 45. Kd6 Ke8 46. e5 Rf2 47. Ke6 Kf8 48. f6 1-0

[Event "Wch FIDE Online U16 Europe qual"]
[Site "Tornelo INT"]
[Date "2020.12.08"]
[Round "5"]
[White "Hadjinicolaou, Andreas"]
[Black "Rathbone Jones, Ifan"]
[Result "1/2-1/2"]
[WhiteElo "1781"]
[BlackElo "1679"]
[PlyCount "144"]
[EventDate "2020.12.07"]
[EventType "swiss (rapid)"]
[EventRounds "7"]
[EventCountry "ISS"]
[SourceTitle "EXT 2022"]
[Source "ChessBase"]
[SourceDate "2021.10.06"]
[SourceVersion "1"]
[SourceVersionDate "2021.10.06"]
[SourceQuality "1"]

1. d4 d5 2. c4 e6 3. Nf3 Nf6 4. g3 c6 5. Bg2 Bd6 6. 0-0 0-0 7. Qc2 Re8 8. Rd1 Nbd7 9. b3 Ne4 10. Nc3 f5 11. Nd2 Bb4 12. Ndxe4 fxe4 13. f3 exf3 14. exf3 Nf6 15. Bf4 Bd6 16. Qd2 Rf8 17. Ne2 Qe7 18. c5 Bxf4 19. Nxf4 b6 20. b4 Qf7 21. cxb6 axb6 22. Rac1 Bd7 23. Re1 Ne8 24. Bh3 Nc7 25. Re3 g5 26. Nd3 Nb5 27. Ne5 Qe8 28. Nxd7 Rxf3 29. Rxf3 Qxd7 30. Qxg5+ Kh8 31. Qe5+ Qg7 32. Qxg7+ Kxg7 33. Bxe6 Nxd4 34. Rf7+ Kg6 35. Re1 Nxe6 36. Rxe6+ Kxf7 37. Rxc6 Rxa2 38. Rxb6 Rb2 39. Rd6 Rxb4 40. Rxd5 Rb2 41. h4 Kg6 42. Rg5+ Kf6 43. g4 Rb4 44. Kf2 h6 45. Rf5+ Kg6 46. Kg3 Rb3+ 47. Rf3 Rb4 48. Rf4 Rb3+ 49. Rf3 Rb4 50. h5+ Kg7 51. Rf4 Rb3+ 52. Kh4 Rb5 53. Ra4 Rb1 54. Ra3 Rb4 55. Ra6 Rb1 56. Rg6+ Kh7 57. g5 Rh1+ 58. Kg4 Rg1+ 59. Kf5 Rxg5+ 60. Rxg5 hxg5 61. Kxg5 Kg7 62. h6+ Kh7 63. Kh5 Kh8 64. Kg6 Kg8 65. Kh5 Kh8 66. Kg6 Kg8 67. Kf6 Kh7 68. Kg5 Kh8 69. Kf5 Kh7 70. Kg5 Kh8 71. Kh4 Kh7 72. Kh5 Kh8 1/2-1/2

[Event "Wch FIDE Online U16 Europe qual"]
[Site "Tornelo INT"]
[Date "2020.12.07"]
[Round "1"]
[White "Hadjinicolaou, Andreas"]
[Black "Gombocz, Ferenc Jr"]
[Result "1-0"]
[WhiteElo "1781"]
[BlackElo "2027"]
[PlyCount "83"]
[EventDate "2020.12.07"]
[EventType "swiss (rapid)"]
[EventRounds "7"]
[EventCountry "ISS"]
[SourceTitle "EXT 2022"]
[Source "ChessBase"]
[SourceDate "2021.10.06"]
[SourceVersion "1"]
[SourceVersionDate "2021.10.06"]
[SourceQuality "1"]

1. d4 d5 2. c4 c6 3. cxd5 cxd5 4. Bf4 Nc6 5. e3 Nf6 6. Bd3 a6 7. Nc3 Bg4 8. Nge2 e6 9. f3 Bh5 10. 0-0 Bd6 11. Bxd6 Qxd6 12. Nf4 Bg6 13. Rc1 Bxd3 14. Qxd3 0-0 15. Rfd1 Rfe8 16. Qd2 Rad8 17. Na4 e5 18. dxe5 Qxe5 19. Nc5 Na5 20. Qxa5 Qxe3+ 21. Kh1 Qxf4 22. Nxb7 Rd7 23. Qxa6 Rde7 24. Rf1 Nh5 25. Nd6 Re6 26. Rc8 Rf8 27. Rxf8+ Kxf8 28. Qc8+ Ke7 29. Qc7+ Kf6 30. Qxf7+ Ke5 31. Re1+ Kxd6 32. Rxe6+ Kc5 33. Qa7+ Kc4 34. Qa4+ Kd3 35. Qxf4 Nxf4 36. Rd6 d4 37. a4 Ke3 38. a5 d3 39. a6 d2 40. Rxd2 Kxd2 41. a7 Nd3 42. a8Q 1-0

[Event "EU-ch Online U16"]
[Site "Tornelo INT"]
[Date "2020.09.20"]
[Round "7"]
[White "Hadjinicolaou, Andreas"]
[Black "Czernek, Tymon"]
[Result "0-1"]
[WhiteElo "1781"]
[BlackElo "2002"]
[PlyCount "70"]
[EventDate "2020.09.18"]
[EventType "swiss (rapid)"]
[EventRounds "9"]
[EventCountry "NET"]
[SourceTitle "EXT 2023"]
[Source "ChessBase"]
[SourceDate "2022.10.05"]
[SourceVersion "1"]
[SourceVersionDate "2022.10.05"]
[SourceQuality "1"]
[WhiteTeam "Zypern"]
[BlackTeam "Poland"]
[WhiteTeamCountry "CYP"]
[BlackTeamCountry "POL"]

1. d4 Nf6 2. c4 g6 3. Nc3 Bg7 4. Nf3 0-0 5. Bf4 d6 6. e3 Nbd7 7. h3 Re8 8. Be2 c6 9. 0-0 Qb6 10. Rb1 e5 11. Bh2 a5 12. Na4 Qc7 13. b4 axb4 14. Rxb4 Qa5 15. a3 c5 16. dxc5 dxc5 17. Nxc5 Qxc5 18. Rb5 Qxa3 19. c5 Ne4 20. Bc4 Nc3 21. Qd6 Bf8 22. Qd2 Nxb5 23. Bxf7+ Kxf7 24. Qd5+ Kg7 25. Nxe5 Qa2 26. Qe4 Qe6 27. f4 Nxe5 28. fxe5 Bxc5 29. Rf6 Ra1+ 30. Kf2 Rf8 31. Rxf8 Kxf8 32. Bf4 Nc3 33. Bh6+ Kg8 34. Qd3 Qf5+ 35. Qxf5 gxf5 0-1

[Event "EU-ch Online U16"]
[Site "Tornelo INT"]
[Date "2020.09.19"]
[Round "5"]
[White "Hadjinicolaou, Andreas"]
[Black "Ivanovic, Marko"]
[Result "0-1"]
[WhiteElo "1781"]
[BlackElo "2004"]
[PlyCount "90"]
[EventDate "2020.09.18"]
[EventType "swiss (rapid)"]
[EventRounds "9"]
[EventCountry "NET"]
[SourceTitle "EXT 2023"]
[Source "ChessBase"]
[SourceDate "2022.10.05"]
[SourceVersion "1"]
[SourceVersionDate "2022.10.05"]
[SourceQuality "1"]
[WhiteTeam "Zypern"]
[BlackTeam "Serbia"]
[WhiteTeamCountry "CYP"]
[BlackTeamCountry "SRB"]

1. d4 Nf6 2. c4 g6 3. Nc3 Bg7 4. Nf3 0-0 5. Bf4 d6 6. e3 Nfd7 7. h3 e5 8. Bh2 Nc6 9. Be2 f5 10. 0-0 e4 11. Nd2 Nf6 12. a3 Ne7 13. b4 g5 14. Rc1 c6 15. b5 d5 16. c5 Ng6 17. Qa4 Bd7 18. bxc6 bxc6 19. Rb1 f4 20. Rb7 Bc8 21. Rxa7 Rxa7 22. Qxa7 f3 23. gxf3 Rf7 24. Qa8 Qd7 25. Ba6 Rf8 26. Bxc8 Rxc8 27. Qa6 Qxh3 28. fxe4 Nh4 29. Qxc8+ Qxc8 30. f4 Qg4+ 31. Kf2 Qg2+ 32. Ke1 Qxh2 33. fxg5 Ng4 34. exd5 Nxe3 35. Rf2 Qg1+ 36. Ke2 Bxd4 37. dxc6 Qg4+ 38. Kd3 Bxc3 39. Kxe3 Bd4+ 40. Kd3 Bxf2 41. c7 Bxc5 42. a4 Qd7+ 43. Kc3 Qxc7 44. Nc4 Nf5 45. a5 Bd4+ 0-1

[Event "Lympia Cyprus-ch op"]
[Site "Lympia"]
[Date "2020.01.18"]
[Round "4"]
[White "Hadjinicolaou, Andreas"]
[Black "Stefanidi, Maria Anna"]
[Result "0-1"]
[WhiteElo "1696"]
[BlackElo "1984"]
[PlyCount "68"]
[EventDate "2020.01.05"]
[EventType "swiss"]
[EventRounds "9"]
[EventCountry "CYP"]
[SourceTitle "CBM 194 Extra"]
[Source "ChessBase"]
[SourceDate "2020.03.31"]
[SourceVersion "1"]
[SourceVersionDate "2020.03.31"]
[SourceQuality "1"]

1. d4 Nf6 2. c4 e6 3. Nf3 d5 4. g3 Be7 5. Bg2 dxc4 6. Qa4+ Nbd7 7. 0-0 0-0 8. Qxc4 c6 9. Rd1 Qc7 10. Bf4 Bd6 11. Bxd6 Qxd6 12. Nc3 b5 13. Qb3 Rb8 14. e4 Qe7 15. d5 cxd5 16. exd5 exd5 17. Nxd5 Nxd5 18. Rxd5 a6 19. Re1 Qf6 20. Ng5 Nb6 21. Ne4 Qe7 22. Rd6 Kh8 23. Qc3 Bf5 24. Rc6 Rfe8 25. Rc7 Qe6 26. Rc6 Qxa2 27. b3 Nd5 28. Qd4 Rbd8 29. Ra1 Qxb3 30. Nd6 Ne7 31. Qf4 Nxc6 32. Nxe8 Rd1+ 33. Rxd1 Qxd1+ 34. Bf1 Bh3 0-1

[Event "EU-ch U16"]
[Site "Bratislava"]
[Date "2019.08.10"]
[Round "9"]
[White "Hadjinicolaou, Andreas"]
[Black "Mendis, Vidura"]
[Result "1/2-1/2"]
[WhiteElo "1743"]
[BlackElo "1528"]
[PlyCount "118"]
[EventDate "2019.08.02"]
[EventType "swiss"]
[EventRounds "9"]
[EventCountry "SVK"]
[SourceTitle "CBM 191 Extra"]
[Source "ChessBase"]
[SourceDate "2019.09.30"]
[SourceVersion "1"]
[SourceVersionDate "2019.09.30"]
[SourceQuality "1"]

1. d4 e6 2. c4 f5 3. e4 fxe4 4. Nc3 Nf6 5. Bg5 Bb4 6. f3 exf3 7. Nxf3 0-0 8. Bd3 Qe8 9. Qc2 Qh5 10. h3 Nc6 11. 0-0-0 Nxd4 12. g4 Nxc2 13. gxh5 Nxh5 14. Rdf1 Ng3 15. Rhg1 Nxf1 16. Rxf1 Rxf3 17. Rxf3 Ne1 18. Re3 Nxd3+ 19. Rxd3 Bxc3 20. Rxc3 b6 21. Rg3 Bb7 22. Bh6 g6 23. h4 Be4 24. Kd2 Re8 25. Ra3 a5 26. c5 bxc5 27. Rxa5 Ra8 28. Rxc5 Rxa2 29. Rxc7 Rxb2+ 30. Ke3 Bc6 31. Rc8+ Kf7 32. Rf8+ Ke7 33. Rh8 Kf6 34. Rf8+ Ke7 35. Rh8 Rb3+ 36. Kd4 Rf3 37. Rxh7+ Kd6 38. Bg7 Rf4+ 39. Ke3 Re4+ 40. Kd3 Kd5 41. h5 Bb5+ 42. Kc3 Rc4+ 43. Kd2 gxh5 44. Rxh5+ Kc6 45. Ke3 Rc5 46. Rxc5+ Kxc5 47. Ke4 d6 48. Bd4+ Kc4 49. Ba1 Bc6+ 50. Kf4 Kd3 51. Bb2 Kc4 52. Ba1 Kd5 53. Bb2 e5+ 54. Ke3 Kc4 55. Ba1 Kd5 56. Bb2 Kc4 57. Ba1 e4 58. Bd4 d5 59. Be5 Ba4 1/2-1/2

[Event "EU-ch U16"]
[Site "Bratislava"]
[Date "2019.08.06"]
[Round "5"]
[White "Hadjinicolaou, Andreas"]
[Black "Hanzl, Tadeas"]
[Result "0-1"]
[WhiteElo "1743"]
[BlackElo "1691"]
[PlyCount "94"]
[EventDate "2019.08.02"]
[EventType "swiss"]
[EventRounds "9"]
[EventCountry "SVK"]
[SourceTitle "CBM 191 Extra"]
[Source "ChessBase"]
[SourceDate "2019.09.30"]
[SourceVersion "1"]
[SourceVersionDate "2019.09.30"]
[SourceQuality "1"]

1. d4 Nf6 2. c4 g6 3. Nc3 Bg7 4. e4 d6 5. f3 c6 6. Be3 Nbd7 7. Nge2 Rb8 8. a4 b6 9. Qd2 h5 10. Nc1 c5 11. Nb3 Nf8 12. a5 Ne6 13. d5 Nf8 14. Na4 Bd7 15. Nc3 Ng8 16. Bd3 Nh6 17. 0-0 f6 18. Ra2 Nf7 19. Rfa1 Nh7 20. Qc2 0-0 21. f4 Nh6 22. h3 Kh8 23. axb6 axb6 24. f5 g5 25. Qd2 Nf7 26. Be2 Ne5 27. Nb5 g4 28. hxg4 hxg4 29. Ra4 Rg8 30. Qd1 Qe8 31. Bxg4 Bh6 32. Bxh6 Rxg4 33. Nc7 Qd8 34. Ne6 Bxe6 35. dxe6 Rxe4 36. Qd5 Rg4 37. Ra8 Rg8 38. R8a7 Qe8 39. Be3 Qh5 40. Rxe7 Qe2 41. Bf2 Nf3+ 42. Kh1 Rxg2 43. Kxg2 Rg8+ 44. Rg7 Rxg7+ 45. Kh1 Qxf2 46. Ra8+ Nf8 47. Rxf8+ Kh7 0-1

[Event "CYP-ch"]
[Site "Larnaca"]
[Date "2019.01.13"]
[Round "2"]
[White "Hadjinicolaou, Andreas"]
[Black "Damianou, Ioannis"]
[Result "0-1"]
[WhiteElo "1601"]
[BlackElo "1962"]
[PlyCount "68"]
[EventDate "2019.01.12"]
[EventType "tourn"]
[EventRounds "9"]
[EventCountry "CYP"]
[SourceTitle "CBM 189 Extra"]
[Source "ChessBase"]
[SourceDate "2019.06.03"]
[SourceVersion "1"]
[SourceVersionDate "2019.06.03"]
[SourceQuality "1"]

1. d4 c5 2. d5 Nf6 3. Nc3 e6 4. e4 exd5 5. exd5 d6 6. Nf3 a6 7. a4 Bg4 8. Be2 g6 9. 0-0 Bg7 10. Nd2 Bf5 11. Nc4 0-0 12. a5 Qc7 13. Bf4 Ne8 14. Bg4 Bd7 15. Na4 Bxa4 16. Rxa4 f5 17. Bf3 Nd7 18. Re1 b5 19. axb6 Nxb6 20. Nxb6 Qxb6 21. Qe2 Nc7 22. c3 Rfe8 23. Qd2 Qxb2 24. Raa1 Qxc3 25. Qxc3 Bxc3 26. Rxe8+ Rxe8 27. Rc1 Be5 28. Bd2 Rb8 29. Ba5 Ne8 30. g3 Nf6 31. Rd1 Kf7 32. Be2 Rb2 33. Bc4 Ne4 34. Rf1 Bd4 0-1

[Event "EU-ch U12 26th"]
[Site "Prague"]
[Date "2016.08.26"]
[Round "8"]
[White "Sarginalp, Tuna"]
[Black "Hadjinicolaou, Andreas"]
[Result "1/2-1/2"]
[WhiteElo "1646"]
[BlackElo "1488"]
[PlyCount "112"]
[EventDate "2016.08.18"]
[EventType "swiss"]
[EventRounds "9"]
[EventCountry "CZE"]
[SourceTitle "CBM 174 Extra"]
[Source "ChessBase"]
[SourceDate "2016.10.10"]
[SourceVersion "1"]
[SourceVersionDate "2016.10.10"]
[SourceQuality "1"]

1. d4 Nf6 2. c4 Nc6 3. Nf3 e6 4. g3 d5 5. Bg2 dxc4 6. 0-0 Rb8 7. Nc3 b5 8. Bg5 Be7 9. e3 Nd5 10. Bxe7 Ncxe7 11. Ne4 0-0 12. Nc5 Bb7 13. Ne5 Bc6 14. Qe2 Qd6 15. Ne4 Qd8 16. Nc5 Qd6 17. Rad1 f6 18. Nxc6 Nxc6 19. Qf3 Nd8 20. Rfe1 Nb7 21. Nxe6 Qxe6 22. Qxd5 Qxd5 23. Bxd5+ Kh8 24. e4 Rfd8 25. Bxb7 Rxb7 26. e5 Rb6 27. exf6 Rxf6 28. Re7 Rdf8 29. Rxc7 Rxf2 30. d5 R2f6 31. d6 Rd8 32. Rxa7 Kg8 33. Rb7 Rfxd6 34. Rxd6 Rxd6 35. Rxb5 Rd1+ 36. Kg2 Rd2+ 37. Kh3 c3 38. bxc3 Rxa2 39. Rb7 Rc2 40. Rc7 h5 41. c4 g5 42. c5 Kf8 43. Rh7 h4 44. Rh5 hxg3 45. hxg3 Rxc5 46. Kg4 Rc4+ 47. Kxg5 Kg7 48. Rh2 Rc5+ 49. Kh4 Rc4+ 50. g4 Rc1 51. Ra2 Rc5 52. Ra6 Rb5 53. g5 Rb1 54. Ra7+ Kg6 55. Ra6+ Kg7 56. Kh3 Rg1 1/2-1/2

[Event "EU-ch U12 26th"]
[Site "Prague"]
[Date "2016.08.22"]
[Round "5"]
[White "Dardha, Daniel"]
[Black "Hadjinicolaou, Andreas"]
[Result "1-0"]
[WhiteElo "2095"]
[BlackElo "1488"]
[PlyCount "125"]
[EventDate "2016.08.18"]
[EventType "swiss"]
[EventRounds "9"]
[EventCountry "CZE"]
[SourceTitle "CBM 174 Extra"]
[Source "ChessBase"]
[SourceDate "2016.10.10"]
[SourceVersion "1"]
[SourceVersionDate "2016.10.10"]
[SourceQuality "1"]

1. d4 Nf6 2. c4 Nc6 3. Nf3 e6 4. g3 d5 5. Bg2 dxc4 6. 0-0 Ne7 7. Na3 Ng6 8. Nxc4 Be7 9. Bg5 h6 10. Bxf6 Bxf6 11. Rc1 c6 12. h4 h5 13. e4 Be7 14. Qe2 0-0 15. Rfd1 f6 16. Ne1 Kf7 17. d5 Qe8 18. d6 b5 19. dxe7 Qxe7 20. Nd6+ Kg8 21. Nxc8 Raxc8 22. Qxh5 Ne5 23. Nd3 g6 24. Qh6 Qf7 25. Nxe5 fxe5 26. Rd2 c5 27. Rcd1 Rc7 28. f3 c4 29. Rd8 c3 30. bxc3 Qg7 31. Rxf8+ Kxf8 32. Qxg7+ Kxg7 33. Rd3 Kf7 34. Kf2 Rc4 35. Rd7+ Kf6 36. Rxa7 Rxc3 37. Rb7 Rc2+ 38. Kg1 Rxa2 39. Rxb5 Ra1+ 40. Kh2 Ra8 41. g4 Rh8 42. g5+ Ke7 43. Kg3 Kd6 44. Rb6+ Kd7 45. Bh3 Re8 46. Rxe6 Rxe6 47. Bxe6+ Kxe6 48. h5 Kf7 49. hxg6+ Kg7 50. Kh4 Kxg6 51. Kg4 Kg7 52. Kf5 Kf7 53. Kxe5 Kg7 54. f4 Kf7 55. f5 Ke8 56. Ke6 Kf8 57. f6 Ke8 58. g6 Kf8 59. g7+ Kg8 60. Ke7 Kh7 61. Kf7 Kh6 62. g8Q Kh5 63. Qg6+ 1-0

[Event "EU-ch U12 26th"]
[Site "Prague"]
[Date "2016.08.21"]
[Round "4"]
[White "Hadjinicolaou, Andreas"]
[Black "Luu, Robert"]
[Result "1-0"]
[WhiteElo "1488"]
[BlackElo "1779"]
[PlyCount "83"]
[EventDate "2016.08.18"]
[EventType "swiss"]
[EventRounds "9"]
[EventCountry "CZE"]
[SourceTitle "CBM 174 Extra"]
[Source "ChessBase"]
[SourceDate "2016.10.10"]
[SourceVersion "1"]
[SourceVersionDate "2016.10.10"]
[SourceQuality "1"]

1. d4 d5 2. Nf3 Nf6 3. e3 Bg4 4. Bd3 e6 5. Nbd2 c6 6. 0-0 Bd6 7. h3 Bh5 8. c4 0-0 9. b3 Nbd7 10. e4 dxe4 11. Nxe4 Nxe4 12. Bxe4 Nf6 13. Bc2 Qc7 14. Bb2 Rad8 15. Qe2 Be7 16. c5 Nd5 17. Qe5 Bxf3 18. Qxc7 Nxc7 19. gxf3 Bf6 20. Rad1 Nb5 21. Rd2 Nxd4 22. Bxd4 Rxd4 23. Rfd1 Rfd8 24. Rxd4 Bxd4 25. b4 g6 26. Kf1 e5 27. a4 a6 28. Bd3 Bc3 29. b5 axb5 30. axb5 cxb5 31. Ke2 b4 32. Be4 Rc8 33. Bxb7 Rxc5 34. Bd5 Kg7 35. Bb3 f5 36. Rd7+ Kh6 37. Bg8 Kg5 38. Rxh7 Rb5 39. Bb3 Ra5 40. Kd3 Ra3 41. h4+ Kf6 42. Rf7# 1-0